四川人口最多的20个县级行政区 20 most populous county-level regions in Sichuan - Statistics

General Stats
  • This quiz has been taken 63 times
  • The average score is 13 of 20
Answer Stats
人口 地市 县区 % Correct
186 成都市 武侯区
93%
127 成都市 金牛区
91%
96 成都市 青羊区
89%
266 成都市 双流区
86%
96 凉山彝族自治州 西昌市
86%
112 成都市 简阳市
84%
167 成都市 郫都区
80%
97 成都市 温江区
77%
138 成都市 成华区
75%
156 成都市 新都区
73%
135 成都市 龙泉驿区
73%
130 绵阳市 涪城区
52%
95 达州市 达川区
52%
95 达州市 宣汉县
50%
111 眉山市 仁寿县
48%
96 绵阳市 三台县
43%
94 宜宾市 叙州区
43%
95 德阳市 中江县
41%
92 达州市 渠县
41%
95 资阳市 安岳县
39%
No matching quizzes found
Score Distribution
Percent of People with Each Score
Percentile by Number Answered
Your Score History
You have not taken this quiz